000 00301nam a2200133Ia 4500
008 180921t xxu||||| |||| 00| 0 eng d
041 _aeng
080 _a651(07)
_bGOV
245 _aOffice management
300 _a24p., 21 cm
942 _cBK
999 _c19117
_d19117
003 LK-CoDNM
040 _aLK-CoDNM
_dLK-CoDNM
_eLK-CoDNM